Východiská cenových špecifík rozvoja trhu polotovarov v ekonomike ČSFR.

Osobitosti trhu polotovarov (suroviny, materiál, energia a ostatné výrobky spotrebúvané výrobnými organizáciami v rámci výrobnej spotreby). Skúmanie cenových mechanizmov a cenových špecifík vytvárajúceho sa trhu polotovarov prostredníctvom cenových elasticít. Dôchodková a produkčná elasticita ceny v...

Descrizione completa

Salvato in:
Dettagli Bibliografici
Autore principale: Kárász, Pavol
Natura: Capitolo di libro
Lingua:slovacco
Soggetti:
Tags: Aggiungi Tag
Nessun Tag, puoi essere il primo ad aggiungerne!!

MARC

LEADER 00000naa a2200000 4500
001 r003535
005 20221125075758.0
041 0 |a slo 
044 |a [CS] 
245 1 0 |a Východiská cenových špecifík rozvoja trhu polotovarov v ekonomike ČSFR.  |c P. Kárász 
520 |a Osobitosti trhu polotovarov (suroviny, materiál, energia a ostatné výrobky spotrebúvané výrobnými organizáciami v rámci výrobnej spotreby). Skúmanie cenových mechanizmov a cenových špecifík vytvárajúceho sa trhu polotovarov prostredníctvom cenových elasticít. Dôchodková a produkčná elasticita ceny vyrobenej produkcie. 
610 2 0 |a polotovary 
610 2 0 |a ceny 
610 2 0 |a trh 
610 2 0 |a spotreba výrobná 
610 2 0 |a pružnosť cenová 
610 2 0 |a ČSFR 
610 2 0 |a dôchodky 
100 1 |a Kárász, Pavol